[Event "Mittelfranken-chTB1 1819"]
[Site "Mittelfranken"]
[Date "2019.04.28"]
[Round "9.3"]
[White "Heimrath, Wolfgang"]
[Black "Kaiser, Harald"]
[Result "1-0"]
[WhiteElo "2095"]
[BlackElo "1978"]
[PlyCount "81"]
[EventDate "2018.10.14"]
[EventType "team-tourn"]
[EventRounds "9"]
[EventCountry "GER"]
[SourceTitle "EXT 2022"]
[Source "ChessBase"]
[SourceDate "2021.10.06"]
[SourceVersion "1"]
[SourceVersionDate "2021.10.06"]
[SourceQuality "1"]
[WhiteTeam "Fuerth SG"]
[BlackTeam "Bechhofen"]
[WhiteTeamCountry "GER"]
[BlackTeamCountry "GER"]

1. e4 d6 2. d4 Nf6 3. Nc3 e5 4. Nf3 Nbd7 5. Bc4 Be7 6. 0-0 0-0 7. a4 c6 8. h3 b6 9. Qe2 a6 10. dxe5 dxe5 11. Rd1 Qc7 12. Bg5 Bb7 13. Nh4 b5 14. Nf5 Bd8 15. axb5 axb5 16. Rxa8 Bxa8 17. Bd3 Nc5 18. Qf3 Ne6 19. Be3 Be7 20. Qg3 Kh8 21. Nxe7 Qxe7 22. Qxe5 Rd8 23. Ra1 Qb4 24. Ra7 c5 25. f3 Bc6 26. Kf2 c4 27. Be2 Kg8 28. Nd1 Nd7 29. Qc3 Qe7 30. Ra6 Bb7 31. Ra7 Bc6 32. Kg1 Qd6 33. Nf2 Nec5 34. Qa5 Qb8 35. Bxc5 Nxc5 36. Qc7 Nd7 37. Ng4 f6 38. Ne3 Rc8 39. Qxb8 Rxb8 40. Nf5 Kf8 41. Nd4 1-0

[Event "Mittelfranken-chTB1 1819"]
[Site "Mittelfranken"]
[Date "2019.03.17"]
[Round "7.4"]
[White "Kaiser, Harald"]
[Black "Link, Andreas"]
[Result "1/2-1/2"]
[WhiteElo "1978"]
[BlackElo "2037"]
[PlyCount "35"]
[EventDate "2018.10.14"]
[EventType "team-tourn"]
[EventRounds "9"]
[EventCountry "GER"]
[SourceTitle "EXT 2022"]
[Source "ChessBase"]
[SourceDate "2021.10.06"]
[SourceVersion "1"]
[SourceVersionDate "2021.10.06"]
[SourceQuality "1"]
[WhiteTeam "Bechhofen"]
[BlackTeam "Nuernberg Zabo Eintracht"]
[WhiteTeamCountry "GER"]
[BlackTeamCountry "GER"]

1. e4 c5 2. d4 cxd4 3. c3 d5 4. exd5 Qxd5 5. cxd4 e6 6. Nf3 Nf6 7. Nc3 Bb4 8. Bd3 0-0 9. 0-0 Qd8 10. Bg5 Be7 11. Qe2 Nc6 12. Rad1 Nd5 13. Bxe7 Qxe7 14. Qe4 Nf6 15. Qh4 h6 16. Rfe1 Nb4 17. Bc4 Qc7 18. Bb3 1/2-1/2

[Event "Mittelfranken-chTB1 1718"]
[Site "Mittelfranken"]
[Date "2017.11.19"]
[Round "3.4"]
[White "Kaiser, Harald"]
[Black "Gloth, Gerrit"]
[Result "1/2-1/2"]
[WhiteElo "1989"]
[BlackElo "1929"]
[PlyCount "46"]
[EventDate "2017.10.08"]
[EventType "team-tourn"]
[EventRounds "9"]
[EventCountry "GER"]
[SourceTitle "EXT 2022"]
[Source "ChessBase"]
[SourceDate "2021.10.06"]
[SourceVersion "1"]
[SourceVersionDate "2021.10.06"]
[SourceQuality "1"]
[WhiteTeam "Bechhofen"]
[BlackTeam "Erlangen SC III"]
[WhiteTeamCountry "GER"]
[BlackTeamCountry "GER"]

1. e4 Nf6 2. e5 Nd5 3. c4 Nb6 4. b3 d6 5. exd6 exd6 6. Bb2 Nc6 7. Nf3 Bf5 8. Be2 Be7 9. 0-0 0-0 10. d4 Bf6 11. Nc3 d5 12. c5 Nc8 13. Qd2 N8e7 14. Nd1 Bg6 15. b4 a6 16. Ne3 Nf5 17. Nxf5 Bxf5 18. h3 h6 19. Bc3 Be4 20. Rad1 Re8 21. Rfe1 Qd7 22. Nh2 Bg5 23. Qb2 Bf5 1/2-1/2

[Event "Regionalliga NO 1516"]
[Site "Bayern"]
[Date "2016.04.10"]
[Round "9.4"]
[White "Kaiser, Harald"]
[Black "Dotzauer, Ernst"]
[Result "1/2-1/2"]
[WhiteElo "1972"]
[BlackElo "1751"]
[PlyCount "49"]
[EventDate "2015.10.11"]
[EventType "team-tourn"]
[EventRounds "9"]
[EventCountry "GER"]
[SourceTitle "EXT 2018"]
[Source "ChessBase"]
[SourceDate "2017.10.13"]
[SourceVersion "1"]
[SourceVersionDate "2017.10.13"]
[SourceQuality "1"]
[WhiteTeam "Bechhofen"]
[BlackTeam "Schwandorf"]
[WhiteTeamCountry "GER"]
[BlackTeamCountry "GER"]

1. e4 d5 2. exd5 Qxd5 3. Nc3 Qa5 4. d4 c6 5. Bc4 Nf6 6. Nf3 Bg4 7. h3 Bh5 8. Bd2 Qc7 9. Qe2 Nbd7 10. g4 Bg6 11. Ne5 e6 12. Bb3 Nxe5 13. dxe5 Nd7 14. f4 Be7 15. 0-0-0 0-0-0 16. Rhf1 h6 17. f5 exf5 18. gxf5 Bh7 19. e6 fxe6 20. Bxe6 Kb8 21. Ne4 Ne5 22. Rde1 Ka8 23. Bf4 Qa5 24. Qh2 Nf3 25. Bc7 1/2-1/2

[Event "Regionalliga NO 1516"]
[Site "Bayern"]
[Date "2015.12.13"]
[Round "4.3"]
[White "Kaiser, Harald"]
[Black "Oberhofer, Cedric"]
[Result "0-1"]
[WhiteElo "1972"]
[BlackElo "2031"]
[PlyCount "114"]
[EventDate "2015.10.11"]
[EventType "team-tourn"]
[EventRounds "9"]
[EventCountry "GER"]
[SourceTitle "EXT 2018"]
[Source "ChessBase"]
[SourceDate "2017.10.13"]
[SourceVersion "1"]
[SourceVersionDate "2017.10.13"]
[SourceQuality "1"]
[WhiteTeam "Bechhofen"]
[BlackTeam "Regensburg Bavaria"]
[WhiteTeamCountry "GER"]
[BlackTeamCountry "GER"]

1. e4 c5 2. d4 cxd4 3. c3 dxc3 4. Nxc3 d6 5. Bc4 Nc6 6. Nf3 e6 7. 0-0 Nf6 8. Qe2 Be7 9. Rd1 e5 10. h3 0-0 11. b3 a6 12. a4 h6 13. Ba3 Be6 14. Rd3 Nh5 15. Qd1 Nf4 16. Rd2 Qa5 17. Rc1 Nb4 18. Ne2 Nxe2+ 19. Rxe2 Rac8 20. Bxe6 fxe6 21. Rxc8 Rxc8 22. Qd2 Rc2 23. Qe1 Rxe2 24. Qxe2 Nc6 25. Bb2 b5 26. axb5 Qxb5 27. Qc2 Kf7 28. Nd2 g6 29. Nc4 Na5 30. Nd2 Qe2 31. Qc3 Nc6 32. Nf3 Nd8 33. Nd2 Qe1+ 34. Nf1 Qxc3 35. Bxc3 Bg5 36. g3 h5 37. Nh2 Nc6 38. Nf3 Bf6 39. Kf1 d5 40. Ke2 Ke7 41. Kd3 Kd6 42. Bb2 Nb4+ 43. Kc3 Kc5 44. Ba3 a5 45. Bxb4+ axb4+ 46. Kd3 Kd6 47. h4 Bd8 48. Nd2 g5 49. hxg5 Bxg5 50. Nf3 Bd8 51. Ne1 Bb6 52. f3 Bf2 53. Nc2 Bxg3 54. Nxb4 h4 55. Ke2 h3 56. Kf1 Kc5 57. Nc2 d4 0-1

[Event "Regionalliga NO 1415"]
[Site "Bayern"]
[Date "2015.03.15"]
[Round "8.4"]
[White "Kaiser, Harald"]
[Black "Weigel, Robert"]
[Result "1-0"]
[WhiteElo "1972"]
[BlackElo "2043"]
[PlyCount "111"]
[EventDate "2014.10.19"]
[EventType "team-tourn"]
[EventRounds "9"]
[EventCountry "GER"]
[SourceTitle "EXT 2018"]
[Source "ChessBase"]
[SourceDate "2017.10.13"]
[SourceVersion "1"]
[SourceVersionDate "2017.10.13"]
[SourceQuality "1"]
[WhiteTeam "Bechhofen"]
[BlackTeam "Forchheim II"]
[WhiteTeamCountry "GER"]
[BlackTeamCountry "GER"]

1. e4 c5 2. d4 cxd4 3. c3 Nf6 4. e5 Nd5 5. Bc4 Nb6 6. Bb3 e6 7. Nf3 Nc6 8. 0-0 d3 9. Qxd3 d5 10. exd6 Bxd6 11. Rd1 Bc7 12. Qe4 Qe7 13. Na3 a6 14. Be3 Nd7 15. Qg4 0-0 16. Bh6 f5 17. Bxe6+ Kh8 18. Bxg7+ Qxg7 19. Qxg7+ Kxg7 20. Bxd7 Bxd7 21. Rxd7+ Rf7 22. Rad1 Rd8 23. Rxf7+ Kxf7 24. Rxd8 Bxd8 25. Kf1 Ke6 26. Ke2 Bf6 27. Kd3 b5 28. Nc2 Kd5 29. b3 h5 30. h3 Bg7 31. Ne3+ Ke6 32. Ng5+ Ke5 33. g3 Kf6 34. f4 Kg6 35. Nd5 Bf8 36. Nc7 Nb8 37. Nce6 Be7 38. Nf3 Kf6 39. Ned4 Nd7 40. Nh4 Nc5+ 41. Kc2 Ne4 42. Nhxf5 Bc5 43. g4 hxg4 44. hxg4 b4 45. cxb4 Bxb4 46. Ne3 Bc5 47. Kd3 Nf2+ 48. Kc4 Bd6 49. Ne2 Nh3 50. b4 Kg6 51. Nd5 Nf2 52. g5 Nh3 53. a4 Nxg5 54. fxg5 Kxg5 55. Nd4 Kg6 56. Nb3 1-0

[Event "Regionalliga NO 1415"]
[Site "Bayern"]
[Date "2015.02.01"]
[Round "6.5"]
[White "Bloederl, Alfred"]
[Black "Kaiser, Harald"]
[Result "1/2-1/2"]
[WhiteElo "1995"]
[BlackElo "1972"]
[PlyCount "40"]
[EventDate "2014.10.19"]
[EventType "team-tourn"]
[EventRounds "9"]
[EventCountry "GER"]
[SourceTitle "EXT 2018"]
[Source "ChessBase"]
[SourceDate "2017.10.13"]
[SourceVersion "1"]
[SourceVersionDate "2017.10.13"]
[SourceQuality "1"]
[WhiteTeam "Windischeschenbach"]
[BlackTeam "Bechhofen"]
[WhiteTeamCountry "GER"]
[BlackTeamCountry "GER"]

1. e4 d6 2. d4 Nf6 3. Bd3 e5 4. c3 d5 5. dxe5 Nxe4 6. Nf3 Nc5 7. Bc2 Bg4 8. 0-0 Nc6 9. Re1 Qd7 10. h3 Bh5 11. b4 Ne6 12. Bf5 Be7 13. Bb2 Bg6 14. Qd3 Bd8 15. Nbd2 Ne7 16. Bxg6 hxg6 17. Rad1 Nf4 18. Qf1 Qf5 19. Re3 Qc2 20. Ba1 Nf5 1/2-1/2

[Event "Regionalliga NO 1415"]
[Site "Bayern"]
[Date "2014.12.07"]
[Round "4.5"]
[White "Kaiser, Harald"]
[Black "Zuehlke, Burkhard"]
[Result "1/2-1/2"]
[WhiteElo "1972"]
[BlackElo "1957"]
[PlyCount "65"]
[EventDate "2014.10.19"]
[EventType "team-tourn"]
[EventRounds "9"]
[EventCountry "GER"]
[SourceTitle "EXT 2018"]
[Source "ChessBase"]
[SourceDate "2017.10.13"]
[SourceVersion "1"]
[SourceVersionDate "2017.10.13"]
[SourceQuality "1"]
[WhiteTeam "Bechhofen"]
[BlackTeam "Zirndorf"]
[WhiteTeamCountry "GER"]
[BlackTeamCountry "GER"]

1. e4 d6 2. d4 Nf6 3. Nc3 g6 4. Be3 c6 5. Qd2 b5 6. Bd3 Nbd7 7. Nf3 Bg7 8. Bh6 0-0 9. 0-0 e5 10. dxe5 dxe5 11. a4 b4 12. Nd1 a5 13. Re1 Qc7 14. Bxg7 Kxg7 15. Ne3 Re8 16. Qe2 Nc5 17. Nd2 Ne6 18. g3 Bb7 19. f3 Rad8 20. Qf2 Nd7 21. Red1 Ndc5 22. Bc4 Rf8 23. b3 Rd4 24. Bxe6 Nxe6 25. Ndc4 Rfd8 26. Rxd4 exd4 27. Ng2 c5 28. Re1 d3 29. Rd1 dxc2 30. Qxc2 Nd4 31. Qb2 f6 32. Kf2 Kg8 33. Rd3 1/2-1/2

[Event "Regionalliga NO 1314"]
[Site "Bayern"]
[Date "2014.02.23"]
[Round "7.3"]
[White "Kaiser, Harald"]
[Black "Mueller, Christian2222"]
[Result "1/2-1/2"]
[WhiteElo "1942"]
[BlackElo "2075"]
[PlyCount "25"]
[EventDate "2013.10.13"]
[EventType "team-tourn"]
[EventRounds "9"]
[EventCountry "GER"]
[SourceTitle "EXT 2015"]
[Source "ChessBase"]
[SourceDate "2014.11.20"]
[SourceVersion "1"]
[SourceVersionDate "2014.11.20"]
[SourceQuality "1"]
[WhiteTeam "Bechhofen"]
[BlackTeam "Windischeschenbach"]
[WhiteTeamCountry "GER"]
[BlackTeamCountry "GER"]

1. e4 d6 2. d4 Nf6 3. Nc3 e5 4. Nf3 Nbd7 5. Bc4 Be7 6. 0-0 0-0 7. a4 c6 8. b3 exd4 9. Nxd4 Nxe4 10. Nxe4 d5 11. Bd3 dxe4 12. Bxe4 Bf6 13. c3 1/2-1/2

[Event "Regionalliga NO 1213"]
[Site "Bayern"]
[Date "2013.01.13"]
[Round "5.5"]
[White "Paar, Johannes"]
[Black "Kaiser, Harald"]
[Result "1/2-1/2"]
[WhiteElo "1919"]
[BlackElo "1925"]
[PlyCount "81"]
[EventDate "2012.10.14"]
[EventType "team-tourn"]
[EventRounds "9"]
[EventCountry "GER"]
[SourceTitle "EXT 2015"]
[Source "ChessBase"]
[SourceDate "2014.11.20"]
[SourceVersion "1"]
[SourceVersionDate "2014.11.20"]
[SourceQuality "1"]
[WhiteTeam "Schwandorf"]
[BlackTeam "Bechhofen"]
[WhiteTeamCountry "GER"]
[BlackTeamCountry "GER"]

1. d4 Nf6 2. c4 c5 3. d5 b5 4. cxb5 a6 5. b6 a5 6. Nc3 Ba6 7. e4 Bxf1 8. Kxf1 d6 9. Nf3 Nbd7 10. b7 Rb8 11. g3 Rxb7 12. Kg2 g6 13. Re1 Bg7 14. a4 0-0 15. Nb5 Ne8 16. Rb1 Nc7 17. Na3 Nb6 18. Bd2 Qd7 19. b3 Ra8 20. Qc2 Rba7 21. Bc3 Bxc3 22. Qxc3 Qd8 23. h4 Qf8 24. Qd3 Rb7 25. Nd2 Na6 26. h5 Nb4 27. Qf3 Nd7 28. Ndc4 Nf6 29. Nxd6 Rd7 30. Ndc4 Ra6 31. hxg6 fxg6 32. Rbd1 Qh6 33. Ne5 Rd8 34. Qc3 Nh5 35. Nac4 Rf8 36. Rf1 Qg5 37. Nf3 Qg4 38. Nce5 Nf4+ 39. Kg1 Ne2+ 40. Kg2 Nf4+ 41. Kg1 1/2-1/2

[Event "Regionalliga NO 1213"]
[Site "Bayern"]
[Date "2012.12.09"]
[Round "4.5"]
[White "Kaiser, Harald"]
[Black "Reichmann, Ulrich"]
[Result "1/2-1/2"]
[WhiteElo "1925"]
[BlackElo "1955"]
[PlyCount "39"]
[EventDate "2012.10.14"]
[EventType "team-tourn"]
[EventRounds "9"]
[EventCountry "GER"]
[SourceTitle "EXT 2015"]
[Source "ChessBase"]
[SourceDate "2014.11.20"]
[SourceVersion "1"]
[SourceVersionDate "2014.11.20"]
[SourceQuality "1"]
[WhiteTeam "Bechhofen"]
[BlackTeam "Gunzenhausen"]
[WhiteTeamCountry "GER"]
[BlackTeamCountry "GER"]

1. e4 c5 2. d4 cxd4 3. c3 dxc3 4. Nxc3 Nc6 5. Nf3 e6 6. Bc4 Qc7 7. 0-0 Nf6 8. Nb5 Qb8 9. e5 Nxe5 10. Bf4 d6 11. Re1 Nxc4 12. Qa4 Be7 13. Qxc4 0-0 14. Nc7 b5 15. Qc3 Bd7 16. Nxa8 Nd5 17. Qd2 Nxf4 18. Qxf4 Qxa8 19. Rac1 e5 20. Qe4 1/2-1/2

[Event "Regionalliga NO 1213"]
[Site "Bayern"]
[Date "2012.11.25"]
[Round "3.6"]
[White "Zach, Andreas1111"]
[Black "Kaiser, Harald"]
[Result "1/2-1/2"]
[WhiteElo "1859"]
[BlackElo "1925"]
[PlyCount "40"]
[EventDate "2012.10.14"]
[EventType "team-tourn"]
[EventRounds "9"]
[EventCountry "GER"]
[SourceTitle "EXT 2015"]
[Source "ChessBase"]
[SourceDate "2014.11.20"]
[SourceVersion "1"]
[SourceVersionDate "2014.11.20"]
[SourceQuality "1"]
[WhiteTeam "Lauf"]
[BlackTeam "Bechhofen"]
[WhiteTeamCountry "GER"]
[BlackTeamCountry "GER"]

1. d4 d6 2. e4 Nf6 3. Nc3 e5 4. dxe5 dxe5 5. Qxd8+ Kxd8 6. Bg5 Be6 7. a3 Nbd7 8. Nf3 Bd6 9. Rd1 h6 10. Bxf6+ gxf6 11. Be2 Ke7 12. Nh4 c6 13. 0-0 Bc7 14. Nd5+ cxd5 15. exd5 Rhg8 16. dxe6 fxe6 17. b4 f5 18. Bb5 Nf6 19. Rfe1 a6 20. Bf1 Rac8 1/2-1/2

[Event "Regionalliga NO 1112"]
[Site "Bayern"]
[Date "2012.04.15"]
[Round "9.4"]
[White "Kuhlmann, Christoph"]
[Black "Kaiser, Harald"]
[Result "1-0"]
[WhiteElo "2057"]
[BlackElo "1986"]
[PlyCount "59"]
[EventDate "2011.10.02"]
[EventType "team-tourn"]
[EventRounds "9"]
[EventCountry "GER"]
[SourceTitle "EXT 2015"]
[Source "ChessBase"]
[SourceDate "2014.11.20"]
[SourceVersion "1"]
[SourceVersionDate "2014.11.20"]
[SourceQuality "1"]
[WhiteTeam "Lauf"]
[BlackTeam "Bechhofen"]
[WhiteTeamCountry "GER"]
[BlackTeamCountry "GER"]

1. c4 c5 2. g3 Nf6 3. Bg2 d5 4. cxd5 Nxd5 5. Nc3 Nc7 6. Nf3 Nc6 7. 0-0 e5 8. d3 Be7 9. Nd2 0-0 10. Nc4 f6 11. Bxc6 bxc6 12. Na5 Bd7 13. Qa4 Kh8 14. Be3 Ne6 15. Rac1 Rb8 16. Nc4 Qc7 17. b3 Nd4 18. f4 Be6 19. Qa5 Qxa5 20. Nxa5 Rfc8 21. Nc4 Bxc4 22. dxc4 exf4 23. Bxf4 Rb7 24. g4 Kg8 25. Rcd1 Ne6 26. Bg3 Rd8 27. Rxd8+ Nxd8 28. Rd1 Kf7 29. Ne4 Ke6 30. Rxd8 1-0

[Event "Regionalliga NO 1112"]
[Site "Bayern"]
[Date "2012.03.18"]
[Round "8.5"]
[White "Goetz, Andreas"]
[Black "Kaiser, Harald"]
[Result "1/2-1/2"]
[WhiteElo "2082"]
[BlackElo "1986"]
[PlyCount "91"]
[EventDate "2011.10.02"]
[EventType "team-tourn"]
[EventRounds "9"]
[EventCountry "GER"]
[SourceTitle "EXT 2015"]
[Source "ChessBase"]
[SourceDate "2014.11.20"]
[SourceVersion "1"]
[SourceVersionDate "2014.11.20"]
[SourceQuality "1"]
[WhiteTeam "Erlangen"]
[BlackTeam "Bechhofen"]
[WhiteTeamCountry "GER"]
[BlackTeamCountry "GER"]

1. Nf3 d6 2. d4 Bg4 3. c3 Nd7 4. Qb3 Rb8 5. Bf4 Ngf6 6. h3 Bxf3 7. exf3 g6 8. Bd3 Bg7 9. 0-0 0-0 10. Nd2 e5 11. Bh2 Nh5 12. g4 Nf4 13. Bxf4 exf4 14. Qd5 Qh4 15. Kg2 Nf6 16. Qb3 c6 17. Rae1 b5 18. Be4 d5 19. Bd3 h5 20. Rh1 Rfe8 21. Rxe8+ Rxe8 22. Qd1 Nh7 23. Nb3 Bf8 24. Qc1 Qf6 25. Qd2 Bd6 26. Re1 Rxe1 27. Qxe1 Kf8 28. Na5 Bc7 29. Nb7 hxg4 30. hxg4 Qh4 31. Qh1 Qxh1+ 32. Kxh1 Ke7 33. Nc5 Bd6 34. Nb3 Ng5 35. Kg2 Ne6 36. Kf1 Kd7 37. Ke1 Kc7 38. Kd2 Ng5 39. Be2 Kb6 40. Nc1 c5 41. dxc5+ Bxc5 42. Nd3 Bd6 43. Bd1 a5 44. Ke2 Ne6 45. Bb3 Kc6 46. Kd2 1/2-1/2

[Event "Regionalliga NO 1112"]
[Site "Bayern"]
[Date "2012.01.15"]
[Round "5.5"]
[White "Klimpel, Thomas"]
[Black "Kaiser, Harald"]
[Result "1-0"]
[WhiteElo "2090"]
[BlackElo "1986"]
[PlyCount "41"]
[EventDate "2011.10.02"]
[EventType "team-tourn"]
[EventRounds "9"]
[EventCountry "GER"]
[SourceTitle "EXT 2013"]
[Source "ChessBase"]
[SourceDate "2012.11.22"]
[SourceVersion "1"]
[SourceVersionDate "2012.11.22"]
[SourceQuality "1"]
[WhiteTeam "Kareth Lappersdorf"]
[BlackTeam "Bechhofen"]
[WhiteTeamCountry "GER"]
[BlackTeamCountry "GER"]

1. e4 d6 2. d4 Nf6 3. Nc3 e5 4. Nf3 Nbd7 5. Be3 c6 6. a4 Be7 7. Bc4 b6 8. Qe2 Bb7 9. dxe5 dxe5 10. Rd1 Qc8 11. Nh4 0-0 12. Nf5 Bb4 13. 0-0 Qc7 14. Qf3 Kh8 15. Bg5 a5 16. Rd3 Ba6 17. Bxa6 Rxa6 18. Rfd1 Ra7 19. Nxg7 Kxg7 20. Qh3 Kh8 21. Rxd7 1-0

[Event "Regionalliga NO 1011"]
[Site "Bayern"]
[Date "2011.01.16"]
[Round "5.5"]
[White "Kaiser, Harald"]
[Black "Baur, Stephan"]
[Result "1/2-1/2"]
[WhiteElo "1975"]
[BlackElo "1875"]
[PlyCount "34"]
[EventDate "2010.10.10"]
[EventType "team-tourn"]
[EventRounds "9"]
[EventCountry "GER"]
[SourceTitle "EXT 2012"]
[Source "ChessBase"]
[SourceDate "2011.11.24"]
[SourceVersion "1"]
[SourceVersionDate "2011.11.24"]
[SourceQuality "1"]
[WhiteTeam "Bechhofen"]
[BlackTeam "Kelheim II"]
[WhiteTeamCountry "GER"]
[BlackTeamCountry "GER"]

1. e4 d6 2. d4 Nf6 3. Nc3 g6 4. Be3 c6 5. Qd2 b5 6. Bd3 Nbd7 7. h3 Bb7 8. f4 e5 9. dxe5 dxe5 10. Nf3 Qe7 11. 0-0 exf4 12. Bxf4 Bg7 13. Rae1 0-0 14. Bg5 Qc5+ 15. Be3 Qe7 16. Bg5 Qc5+ 17. Be3 Qe7 1/2-1/2

[Event "Regionalliga NO 1011"]
[Site "Bayern"]
[Date "2010.12.12"]
[Round "4.5"]
[White "Bunk, Karsten"]
[Black "Kaiser, Harald"]
[Result "0-1"]
[WhiteElo "2038"]
[BlackElo "1975"]
[PlyCount "56"]
[EventDate "2010.10.10"]
[EventType "team-tourn"]
[EventRounds "9"]
[EventCountry "GER"]
[SourceTitle "EXT 2012"]
[Source "ChessBase"]
[SourceDate "2011.11.24"]
[SourceVersion "1"]
[SourceVersionDate "2011.11.24"]
[SourceQuality "1"]
[WhiteTeam "Nuernberg Sued SW"]
[BlackTeam "Bechhofen"]
[WhiteTeamCountry "GER"]
[BlackTeamCountry "GER"]

1. d4 Nf6 2. Bg5 d5 3. Bxf6 gxf6 4. c4 dxc4 5. e3 Rg8 6. Bxc4 Rxg2 7. Nc3 Rg7 8. Nge2 e6 9. Qc2 Nd7 10. 0-0-0 c6 11. Rhg1 Rxg1 12. Rxg1 h6 13. Qh7 f5 14. Nf4 Nf6 15. Qh8 Qe7 16. Be2 Bd7 17. Nh5 Nxh5 18. Bxh5 0-0-0 19. Rg8 f6 20. Kb1 Qd6 21. Be2 e5 22. Rg6 Be7 23. Qxh6 exd4 24. exd4 Qxd4 25. Rg3 f4 26. Rf3 Bf5+ 27. Ka1 Qd2 28. b4 Qc1+ 0-1

[Event "Regionalliga NO 0910"]
[Site "Bayern"]
[Date "2010.04.11"]
[Round "9.6"]
[White "Klek, Hanna Marie"]
[Black "Kaiser, Harald"]
[Result "1/2-1/2"]
[WhiteElo "2122"]
[BlackElo "1975"]
[PlyCount "116"]
[EventDate "2009.10.18"]
[EventType "team-tourn"]
[EventRounds "9"]
[EventCountry "GER"]
[SourceTitle "EXT 2011"]
[Source "ChessBase"]
[SourceDate "2010.11.26"]
[SourceVersion "1"]
[SourceVersionDate "2010.11.26"]
[SourceQuality "1"]
[WhiteTeam "Erlangen"]
[BlackTeam "Bechhofen"]
[WhiteTeamCountry "GER"]
[BlackTeamCountry "GER"]

1. e4 d6 2. d4 Nf6 3. Nc3 e5 4. Nf3 Nbd7 5. Bc4 Be7 6. 0-0 c6 7. a4 0-0 8. Re1 b6 9. d5 c5 10. a5 Rb8 11. axb6 axb6 12. Qe2 Ne8 13. Bd3 Nc7 14. Nd2 Bg5 15. Nf1 Bxc1 16. Rexc1 Nf6 17. Ne3 Bd7 18. b4 g6 19. Rcb1 Kg7 20. Ra7 Nfe8 21. Nb5 Qc8 22. Nxc7 Nxc7 23. Nc4 Nb5 24. Nxd6 Nxd6 25. bxc5 Bg4 26. Qe3 bxc5 27. Rba1 c4 28. Bf1 Rb7 29. R7a6 Qb8 30. Qg3 Nxe4 31. Qxg4 f5 32. Qd1 c3 33. Qd3 Rb1 34. g3 Rxa1 35. Rxa1 Qb6 36. Qe3 Qxe3 37. fxe3 Rd8 38. Ra5 h5 39. Kg2 Kf6 40. Bd3 Nd6 41. Rc5 e4 42. Ba6 Ke5 43. Rxc3 Kxd5 44. Kf2 Ra8 45. Be2 Ra1 46. h3 Ra5 47. Rb3 Rc5 48. Bd1 Nb5 49. Ke1 Nc3 50. Kd2 Nxd1 51. Kxd1 g5 52. Rb7 f4 53. gxf4 gxf4 54. Rh7 Kc4 55. exf4 Kd4 56. Kd2 e3+ 57. Kd1 Ke4 58. f5 Rxf5 1/2-1/2

[Event "Regionalliga NO 0910"]
[Site "Bayern"]
[Date "2010.01.24"]
[Round "5.6"]
[White "Kaiser, Harald"]
[Black "Walter, Eugen"]
[Result "1-0"]
[WhiteElo "1975"]
[BlackElo "1887"]
[PlyCount "53"]
[EventDate "2009.10.18"]
[EventType "team-tourn"]
[EventRounds "9"]
[EventCountry "GER"]
[SourceTitle "EXT 2011"]
[Source "ChessBase"]
[SourceDate "2010.11.26"]
[SourceVersion "1"]
[SourceVersionDate "2010.11.26"]
[SourceQuality "1"]
[WhiteTeam "Bechhofen"]
[BlackTeam "Forchheim II"]
[WhiteTeamCountry "GER"]
[BlackTeamCountry "GER"]

1. e4 e5 2. f4 exf4 3. Nf3 d6 4. Bc4 h6 5. b3 Nf6 6. Nc3 Bg4 7. d4 g5 8. Bb2 Nc6 9. Qd2 Bg7 10. 0-0-0 Nh5 11. Qf2 0-0 12. Ne2 Ne7 13. h3 Bd7 14. g3 Ng6 15. e5 Nxg3 16. Nxg3 fxg3 17. Qxg3 Bf5 18. h4 Nxh4 19. Nxh4 gxh4 20. Qxh4 Qg5+ 21. Kb1 dxe5 22. dxe5 Qxh4 23. Rxh4 Rad8 24. Rg1 Kh7 25. e6 Bxb2 26. e7 Bf6 27. exf8Q 1-0

[Event "Regionalliga NO 0910"]
[Site "Bayern"]
[Date "2009.11.15"]
[Round "2.6"]
[White "Dietrich, Jochen"]
[Black "Kaiser, Harald"]
[Result "1/2-1/2"]
[WhiteElo "1953"]
[BlackElo "1975"]
[PlyCount "113"]
[EventDate "2009.10.18"]
[EventType "team-tourn"]
[EventRounds "9"]
[EventCountry "GER"]
[SourceTitle "EXT 2011"]
[Source "ChessBase"]
[SourceDate "2010.11.26"]
[SourceVersion "1"]
[SourceVersionDate "2010.11.26"]
[SourceQuality "1"]
[WhiteTeam "Buechenbach/Roth"]
[BlackTeam "Bechhofen"]
[WhiteTeamCountry "GER"]
[BlackTeamCountry "GER"]

1. Nf3 d6 2. g3 e5 3. d3 f5 4. Bg2 Nf6 5. c4 Be7 6. Nc3 0-0 7. 0-0 c6 8. Rb1 Qe8 9. b4 a6 10. a4 h6 11. b5 axb5 12. axb5 Be6 13. bxc6 bxc6 14. c5 Nbd7 15. cxd6 Bxd6 16. Qc2 Qh5 17. Nd2 Rac8 18. Nc4 Bb8 19. Ba3 Rf7 20. Na4 f4 21. Nab6 fxg3 22. fxg3 Ba7 23. e3 Nxb6 24. Nxb6 Bxb6 25. Rxb6 Ng4 26. Bf3 Nxe3 27. Qe2 Ng4 28. Rxc6 Rxc6 29. Bxc6 Rxf1+ 30. Kxf1 Nxh2+ 31. Ke1 Qxe2+ 32. Kxe2 Ng4 33. Bb2 Kf7 34. Kf3 Nh2+ 35. Ke4 Ng4 36. Bxe5 Nf6+ 37. Ke3 Ng4+ 38. Kf4 Nf6 39. Ke3 Ng4+ 40. Kf4 g5+ 41. Ke4 Nf6+ 42. Kd4 Nd7 43. Ke4 Nf6+ 44. Kf3 Nd7 45. Bc3 Kg6 46. Ke4 h5 47. d4 h4 48. gxh4 Bf5+ 49. Kf3 gxh4 50. Be1 Kg5 51. Bd2+ Kg6 52. Kf4 Nf6 53. Be1 h3 54. Kg3 Nh5+ 55. Kh2 Nf6 56. Kg3 Nh5+ 57. Kh2 1/2-1/2

[Event "Mittelfrankenliga-B1 0708"]
[Site "Mittelfranken"]
[Date "2008.04.13"]
[Round "8.6"]
[White "Schatz, Werner1111"]
[Black "Kaiser, Harald"]
[Result "1/2-1/2"]
[WhiteElo "1976"]
[BlackElo "1978"]
[PlyCount "34"]
[EventDate "2007.10.14"]
[EventType "team-tourn"]
[EventRounds "9"]
[EventCountry "GER"]
[SourceTitle "EXT 2011"]
[Source "ChessBase"]
[SourceDate "2010.11.26"]
[SourceVersion "1"]
[SourceVersionDate "2010.11.26"]
[SourceQuality "1"]
[WhiteTeam "Fuerth SZ"]
[BlackTeam "Bechhofen"]
[WhiteTeamCountry "GER"]
[BlackTeamCountry "GER"]

1. Nf3 Nf6 2. g3 d6 3. Bg2 e5 4. d3 Be7 5. 0-0 0-0 6. e4 c6 7. h3 h6 8. Re1 Be6 9. b3 Nh7 10. d4 Qc7 11. Bb2 Ng5 12. Nxg5 Bxg5 13. Nd2 Nd7 14. c4 exd4 15. f4 Bf6 16. Nf3 d3 17. Bxf6 Nxf6 1/2-1/2